|
|
|
|
| LEADER |
00897cam a2200229 7i4500 |
| 001 |
0000019653 |
| 005 |
20191107090000.0 |
| 008 |
080111 eng |
| 020 |
|
|
|a 9780256133615
|
| 020 |
|
|
|a 0256133611 (hbk.)
|
| 040 |
|
|
|a DLC
|
| 090 |
0 |
0 |
|a QA273.19.E4
|b C45 1997
|
| 100 |
1 |
|
|a Childers, Donald G
|
| 245 |
1 |
0 |
|a Probability and random processes :
|b using MATLAB with applications to continuous and discrete time systems
|c Donald G. Childers.
|
| 260 |
|
|
|a Chicago:
|b Irwin,
|c 1997.
|
| 300 |
|
|
|a xiii, 433 p.:
|b ill.;
|c 24 cm.
|
| 504 |
|
|
|a Includes bibliographical references and index
|
| 650 |
0 |
0 |
|a Stochastic processes --
|x Data processing
|
| 650 |
0 |
0 |
|a Probabilities --
|x Data processing
|
| 997 |
|
|
|a Engineering & Life Sciences, Faculty
|b Engineering, Department
|
| 998 |
|
|
|a Mechatronics Engineering, Degree
|
| 999 |
|
|
|a 0000022845
|b BOK
|c OPEN SHELF
|e 2nd Floor, Bestari Jaya
|